[Event "Interzonal-16"]
[Site "Biel"]
[Date "1993.??.??"]
[Round "9"]
[White "Kamsky, Gata"]
[Black "Yudasin, Leonid"]
[Result "1-0"]
[WhiteElo "2645"]
[BlackElo "2605"]
[Annotator "Dautov,R"]
[PlyCount "67"]
[EventDate "1993.07.16"]
[EventType "swiss"]
[EventRounds "13"]
[EventCountry "SUI"]
[SourceTitle "CBM 037"]
[Source "ChessBase"]
[SourceDate "1993.12.01"]
[SourceVersion "1"]
[SourceVersionDate "1993.12.01"]
[SourceQuality "1"]

1. d4 Nf6 2. c4 e6 3. Nf3 b6 4. Nc3 Bb7 5. Bg5 h6 6. Bh4 Be7 7. e3 Ne4 (7...
O-O 8. Be2 c5 9. O-O d6 10. dxc5 bxc5 11. Qc2 Qb6 12. Rfd1 Rd8 $10 {ECO}) 8.
Nxe4 $5 (8. Bg3 Bb4 9. Qc2 Bxc3+ 10. bxc3 d6 11. Bd3 Nxg3 12. hxg3 Qe7 (12...
Nd7) 13. Be4 Nc6 14. d5 Na5 15. dxe6 Bxe4 $6 (15... fxe6 16. Bg6+ Kd7 {>=}) 16.
Qxe4 O-O 17. exf7+ Qxf7 18. Rh4 $1 $16 {Kamsky-Portisch/Manila olm/1992}) 8...
Bxh4 $6 (8... Bxe4 9. Bxe7 Qxe7 10. Nd2 Bb7 11. Be2 O-O 12. O-O d6 13. Bf3 c5
14. Bxb7 Qxb7 15. Nf3 Nd7 16. dxc5 dxc5 17. Qd6 Rad8 18. Rfd1 Qb8 $1 19. Kf1
Qxd6 20. Rxd6 Nb8 $10) (8... Bxe4 9. Bg3 $5 O-O 10. Nd2 (10. Bd3 Bxd3 11. Qxd3
d6 12. O-O Nd7 13. b4 f5 $10) 10... Bb7 11. Bd3 c5 (11... Bxg2 $2 12. Rg1 Bb7
13. Be5 Bf6 14. Qg4 $16) 12. dxc5 bxc5 13. O-O Nc6 $132 {Uhlmann-Simagin/1965})
9. Bd3 Be7 10. Qb3 $1 {N} (10. O-O O-O (10... d6 11. Bc2 Nd7 {>=}) 11. Bc2 d6
12. Ng3 Nd7 13. d5 e5 14. Nf5 $14 {Uhlmann-Minev/1963}) 10... d6 (10... c5 $4
11. dxc5 $16) 11. h4 Nd7 (11... c5 12. d5 (12. O-O-O $5) 12... exd5 (12... e5
$2 13. g4 $16) 13. cxd5 a6 14. Ng3 Nd7 15. Nf5 O-O 16. Rd1 Nf6 17. Bb1 b5 18.
Qc2 Re8 19. g4 $40) 12. O-O-O c6 (12... O-O 13. d5 $5 (13. g4 d5 14. cxd5 Bxd5
15. Qc2 c5 16. dxc5 Rc8 $132) (13. Bb1 f5 14. Ng3 Bxf3 15. gxf3 Bxh4 $13) (13.
Kb1 $5 $14) 13... f5 14. Ng3 Nc5 15. Qc2 Nxd3+ 16. Qxd3 exd5 17. cxd5 Qd7 18.
Kb1 $13) 13. g4 Qc7 14. Kb1 a6 (14... d5 15. cxd5 cxd5 16. Rc1 Qb8 17. Ng3 $14)
(14... O-O-O $5 15. Rc1 Kb8 16. g5 $14) 15. g5 c5 16. Qc3 $1 Rg8 (16... cxd4
17. exd4 b5 18. d5 $36) 17. Rhg1 hxg5 (17... O-O-O 18. gxh6 gxh6 19. d5 b5 $5
$132) 18. Nexg5 $1 {><f7} cxd4 19. exd4 Bf6 (19... Nf6 20. d5 $1 exd5 21. Nxf7
$1 dxc4 (21... Kxf7 22. Ng5+ Ke8 23. Bg6+ Kd7 24. Qh3+ Kc6 25. cxd5+ Nxd5 26.
Rc1+ $18) (21... Ne4 22. Bxe4 dxe4 23. N3g5 $40) 22. N3g5 $16) 20. Qb3 Bxf3 21.
Nxf3 Rh8 22. Rg4 Ke7 (22... Kf8 $142 $14) 23. Re1 b5 $2 24. cxb5 axb5 25. Ng5
$16 Bxg5 26. hxg5 g6 27. Rge4 $1 (27. Bxg6 Qc4 28. Bc2 $16) 27... Kd8 28. Bxb5
d5 29. R4e3 Rb8 30. Rc1 Qb6 31. a4 Qxd4 32. Qc2 $18 Qb6 33. Rc3 Rh4 (33... Ke7
34. Bxd7 Kxd7 35. Rc7+ Ke8 36. Qc3 Rh4 37. Qf6 $18) 34. Rc6 1-0

[Event "Interzonal-16"]
[Site "Biel"]
[Date "1993.??.??"]
[Round "13"]
[White "Lputian, Smbat G"]
[Black "Hjartarson, Johann"]
[Result "1-0"]
[WhiteElo "2565"]
[BlackElo "2605"]
[Annotator "Dautov,R"]
[PlyCount "51"]
[EventDate "1993.07.16"]
[EventType "swiss"]
[EventRounds "13"]
[EventCountry "SUI"]
[SourceTitle "CBM 037"]
[Source "ChessBase"]
[SourceDate "1993.12.01"]
[SourceVersion "1"]
[SourceVersionDate "1993.12.01"]
[SourceQuality "1"]

1. d4 Nf6 2. c4 e6 3. Nf3 b6 4. a3 Bb7 5. Nc3 d5 6. Qc2 Be7 7. cxd5 Nxd5 8. Bd2
O-O 9. e4 Nxc3 (9... Nf6 10. O-O-O $5 Nbd7 11. Bd3 h6 $6 12. Kb1 c5 13. d5 exd5
14. exd5 Bd6 15. g4 $1 $16 {Khenkin-Vyzmanavin/Barnaul/1988}) 10. Bxc3 Nd7 11.
O-O-O $5 {N} (11. Rd1) 11... Qc8 $2 (11... Nf6 $5 12. Bd3 c5 13. e5 Nd5 14.
Bxh7+ Kh8 15. dxc5 $5 Rc8 $13) (11... c5 $1 12. d5 (12. dxc5 Qc8 13. cxb6 axb6
$44) (12. Bb5 a6 13. Bxd7 Qxd7 14. dxc5 Qc6 15. cxb6 Rac8 $36) 12... exd5 13.
exd5 Bf6 $1 (13... Nf6 $6 14. Bc4 $36 {/\Ng5}) 14. Bb5 Bxc3 15. Qxc3 Nf6 $132)
12. h4 Rd8 (12... Nf6 13. Bd3 (13. Ng5 h6 14. e5 hxg5 15. exf6 Bxf6 16. hxg5
Bxg5+ 17. Kb1 f5 $13) 13... c5 14. e5 Nd5 15. Bxh7+ Kh8 16. Be4 Nxc3 17. Bxb7
Qxb7 18. Qxc3 Rac8 19. Kb1 cxd4 20. Qxd4 Bc5 $6 21. Qg4 $16) (12... c5 13. d5
exd5 14. exd5 Nf6 (14... Bf6 15. Ng5 g6 16. Bb5 $16) 15. Ng5 $16) 13. d5 $1 (
13. Rh3 Nf6 14. Bd3 c5 15. e5 Nd5 16. Bxh7+ Kf8 $13) 13... Nf8 (13... exd5 14.
exd5 Nf6 (14... Nf8 15. Bc4 {><f7} b5 16. Bxb5 Bxd5 17. Nd4 $1 $16 {/\Nf5,Nc6})
15. Ng5 g6 16. h5 Qg4 17. Nxh7 $1 Nxh7 18. hxg6 fxg6 19. Rd4 $5 (19. Be2 $5 $44
) 19... Qg5+ 20. f4 $40) 14. Rh3 $1 {><g7} (14. Bc4 $6 c6 $1 $132) 14... exd5
15. Rg3 g6 (15... f6 16. exd5 (16. e5 $5 {/\} Kh8 17. exf6 Bxf6 18. Bxf6 gxf6
19. Qc3 Rd6 20. Ng5 Qd7 21. Bb5 $1 c6 22. Rxd5 $1 cxb5 23. Rxd6 $18) 16... Bxd5
(16... Bd6 17. Rh3 $16) 17. Nd4 Be6 18. Re1 $16) 16. h5 $1 dxe4 17. Bc4 $16 Qf5
(17... exf3 18. hxg6 Rxd1+ 19. Qxd1 Nxg6 20. Qd4 $18) (17... b5 18. hxg6 Nxg6
19. Rxg6+ hxg6 20. Rh1 $18) 18. Ne5 Rxd1+ (18... Ne6 19. hxg6 hxg6 20. Rh1 Bf6
21. Nxg6 $18) 19. Qxd1 Ne6 20. hxg6 hxg6 21. Bxe6 Bg5+ (21... Qxe6 22. Qh5 $18
{/\Ng6}) 22. Rxg5 $1 Qxg5+ 23. Kb1 fxe6 24. Qd7 $18 Rf8 (24... Qf5 25. Ng4 e3+
26. Ka1 Qf8 27. Nf6+ $18) 25. Ng4 e5 26. Bxe5 (26. Bxe5 Rf7 27. Qe8+ Rf8 28.
Qe6+ Rf7 29. Nf6+ $18) 1-0

[Event "Interzonal-16"]
[Site "Biel"]
[Date "1993.??.??"]
[Round "3"]
[White "Gurevich, Mikhail"]
[Black "Kortschnoj, Viktor Lvovich"]
[Result "1/2-1/2"]
[WhiteElo "2605"]
[BlackElo "2625"]
[Annotator "Dautov,R"]
[PlyCount "110"]
[EventDate "1993.07.16"]
[EventType "swiss"]
[EventRounds "13"]
[EventCountry "SUI"]
[SourceTitle "CBM 037"]
[Source "ChessBase"]
[SourceDate "1993.12.01"]
[SourceVersion "1"]
[SourceVersionDate "1993.12.01"]
[SourceQuality "1"]

1. d4 Nf6 2. c4 e6 3. Nf3 b6 4. a3 Ba6 5. Qc2 c5 6. e4 cxd4 7. Nxd4 Bb7 8. Nc3
Nc6 9. Nxc6 Bxc6 10. Bf4 Nh5 11. Be3 Qb8 12. O-O-O Bc5 $6 {N} (12... Bd6 13. g3
Be5 14. Bd3 Qb7 15. Rhe1 Nf6 16. f4 Bxc3 17. Qxc3 Rc8 {Kramnik-Lutz/Dortmund/
1993} 18. Bd4 $1 Nxe4 19. Bxe4 Bxe4 20. Bxg7 Rg8 21. Bf6 $1 d5 22. Rd4 $16 {
Kramnik}) 13. Bxc5 bxc5 14. g3 {+/- Kramnik} O-O 15. f4 d6 16. Bg2 (16. Bd3 $5
Nf6 17. Rhg1 $40) 16... Nf6 17. Rd3 Rc8 (17... Rd8 $2 18. Rhd1 Ne8 19. e5 Bxg2
20. Qxg2 Qb3 21. exd6 Qxc4 22. d7 Nc7 23. Qc6 Nd5 24. b3 Qxb3 25. Nxd5 $18) 18.
Rhd1 Ne8 19. g4 $40 {+/=/+/-} Qb7 20. g5 Rab8 (20... Qa6 21. Rh3 Qxc4 $4 22.
Bf1 $18) 21. Rh3 Rd8 (21... Qa6 22. Bf1 $1 (22. e5 $2 Bxg2 23. Qxg2 dxe5 24.
Qe4 f5 25. gxf6 Nxf6 26. Qxe5 Qxc4 27. Rg3 $13) 22... g6 23. f5 $16) 22. Qe2 (
22. Bf1 $5 {/\Bd3,Qe2->}) (22. Qf2 $5) 22... g6 23. Rd2 Qe7 24. Qf2 (24. Qg4 $1
{/\f5} f6 (24... h5 25. gxh6 Nf6 26. Qg5 $16) (24... f5 25. exf5 $5 gxf5 26.
Qe2 Bxg2 27. Qxg2 $16 {/\Rh6}) (24... e5 25. f5 $16) 25. gxf6 Nxf6 (25... Qxf6
$2 26. e5 $18) 26. Qg5 {/\e5} e5 27. f5 $16) (24. e5 $6 Bxg2 25. Qxg2 dxe5 26.
Rxd8 Rxd8 27. fxe5 Rd4 $132) 24... Rb7 25. Bf3 (25. Qh4 f6 26. gxf6 Qxf6 27.
Qxf6 Nxf6 28. Rhd3 Ne8 29. Bh3 Kf7 30. e5 Rbd7 $10) 25... e5 $1 26. Qh4 f6 27.
gxf6 Nxf6 28. f5 gxf5 29. exf5 Bxf3 30. Rxf3 Rbd7 $14 (30... Kh8 $5 31. Ne4
Nxe4 32. Qxe4 Rbd7 33. f6 Qe6 $13 {><f6}) 31. Ne4 (31. Rg3+ $5 Kh8 32. Rdg2 (
32. Rg6 Rf8) (32. Ne4 Nxe4 33. Qxe4 Rg8 $1 (33... Qf6 $6 34. Rdg2 $16) 34.
Rxg8+ Kxg8 35. Rg2+ Kh8 36. h4 Rd8 $14) 32... d5 33. cxd5 Nxd5 34. Qxe7 Nxe7
35. Re3 (35. f6 Ng6 36. Ne4 $2 Nf4) 35... Nxf5 36. Rxe5 Nd4 37. Kb1 $14) 31...
Nxe4 32. Qxe4 Qf6 33. Rg3+ Rg7 34. Rxg7+ Kxg7 35. Kb1 Rf8 36. Rf2 a5 37. Ka2 a4
38. Rf1 Kh8 39. Ka1 Rb8 40. Rg1 Qh6 41. Qc2 (41. Rg2 Qc1+ 42. Ka2 Qd1 $10)
41... Qf6 42. Qe4 Qh6 43. Qc2 Qf6 44. Rg2 Rf8 45. Rf2 Qh4 46. Rd2 Qe7 47. Qe4
Qg5 48. Rxd6 Qxf5 $10 49. Qd5 (49. Qxf5 Rxf5 50. Rd5 Kg7 51. Rxc5 Kf6 52. Kb1
Rf2 $15) 49... e4 50. Re6 Qf1+ 51. Ka2 Qd3 52. Qe5+ (52. Qxd3 exd3 53. Rd6 Rf4
54. Rxd3 Rxc4 $10) 52... Kg8 53. Qg5+ Kh8 54. Qe5+ Kg8 55. Qg3+ Kh8 $1 1/2-1/2

[Event "Interzonal-16"]
[Site "Biel"]
[Date "1993.??.??"]
[Round "3"]
[White "Nogueiras Santiago, Jesus"]
[Black "Granda Zuniga, Julio E"]
[Result "0-1"]
[WhiteElo "2580"]
[BlackElo "2605"]
[Annotator "Dautov,R"]
[PlyCount "82"]
[EventDate "1993.07.16"]
[EventType "swiss"]
[EventRounds "13"]
[EventCountry "SUI"]
[SourceTitle "CBM 037"]
[Source "ChessBase"]
[SourceDate "1993.12.01"]
[SourceVersion "1"]
[SourceVersionDate "1993.12.01"]
[SourceQuality "1"]

1. d4 Nf6 2. Nf3 e6 3. c4 b6 4. a3 Bb7 5. Nc3 d5 6. Qc2 Be7 7. cxd5 Nxd5 8. Bd2
O-O 9. e4 Nxc3 10. Bxc3 c5 (10... Nd7) 11. dxc5 bxc5 $5 (11... Bxc5 12. Bd3 Nd7
13. Rd1 Qc7 14. b4 Bd6 15. Qb2 e5 16. O-O Rac8 17. Rc1 Qb8 18. Nd2 Nf6 19. Rfe1
$14 {Gelfand-Pieniazek/Arnhem/1987/88}) 12. Rd1 (12. Bc4 Nc6 13. O-O Qc7 (13...
Qb6 $142 14. Rfd1 Rfd8 $132) 14. Rad1 Rac8 15. b3 e5 16. Bd5 Nd4 17. Bxd4 exd4
18. Bxb7 Qxb7 19. Nd2 Rfd8 20. Qd3 Rb8 21. f4 Rd6 22. Rf3 Rb6 23. Rb1 a5 24.
Nc4 $14 {Hebert-Stefansson/New York/1989}) (12. Be2 Nc6 13. Rd1 Qb6 14. O-O
Rfd8 15. Qa4 h6 16. Rd2 $2 (16. e5 $10) 16... Rxd2 17. Nxd2 Nd4 18. Bd3 Bc6 19.
Qd1 Re8 $10 {Krecmer-Borwell/corr/1988/91}) 12... Qc7 (12... Qb6 $5 13. Ne5 Bf6
14. Nc4 (14. Bc4 Bxe5 15. Bxe5 Nc6 $10) 14... Bxc3+ 15. Qxc3 Qc7 16. Bd3 Nc6
$132) 13. Bd3 Nd7 (13... Nc6 14. O-O Rfd8 15. e5 $5 h6 16. Be4 Rxd1 17. Rxd1
Rd8 18. Rxd8+ Qxd8 19. h3 $14) 14. O-O Rfd8 (14... c4 $6 15. Be2 Nb6 16. Ba5
Qc6 17. Rd4 $16 {><c4}) 15. Rfe1 (15. Qe2 $1 {>=} Nb6 16. Ba6 Na4 (16... Bc6 $5
17. Be5 Bd6 18. Rxd6 Rxd6 19. Rc1 $14) 17. Be5 Qb6 18. Bxb7 Qxb7 19. Qc2 Qb5
20. b3 $14) 15... Nb6 16. Bf1 Rxd1 17. Rxd1 Qc6 18. Nd2 (18. Re1 Rd8 19. Ne5
Qc7 20. Nc4 Nxc4 21. Bxc4 Bd6 22. e5 (22. h3 Bh2+ 23. Kh1 Be5 $10) 22... Be7
$10) 18... Rd8 $10 19. Be2 h6 20. Bf3 $6 Ba6 21. e5 $6 (21. Nf1 Rxd1 22. Bxd1
Qb5 23. Ng3 $10) 21... Qb5 22. b3 (22. Ne4 Rxd1+ 23. Qxd1 Na4 24. b3 Nxc3 25.
Nxc3 Qa5 26. Nb1 c4 $17) 22... Qd3 23. Qxd3 Bxd3 24. Ne4 $6 (24. Ba5 $142 $10 {
/\} Bg5 25. Ne4) 24... c4 25. bxc4 Nxc4 $15 26. a4 Bc2 27. Rxd8+ $2 (27. Ra1 a5
28. h3 Bb4 29. Rc1 Na3 30. Bb2 Bxa4 31. Bxa3 Bxa3 32. Ra1 Rd3 33. Nd6 (33. Be2
$6 Rd4 34. Nc3 Bb2 35. Rxa4 Bxc3 $17) 33... Bxd6 34. exd6 Rd4 35. d7 Bxd7 36.
Rxa5 $15) 27... Bxd8 $17 28. Nc5 (28. Nd6 Nxd6 29. exd6 Bxa4 $17) 28... Bc7 29.
Be2 Bxe5 30. Bb4 $6 (30. Bxe5 Nxe5 31. f4 Nc6 $17) 30... Nb6 31. Bb5 Bd6 $1 32.
a5 Nd5 33. Ba3 Nc3 34. Bc6 (34. Bc4 Ne4) 34... Ne2+ 35. Kf1 Nd4 36. Bb7 Nb3 37.
Nxb3 Bxa3 38. Nd4 Bd3+ 39. Kg1 Bc5 40. Nb3 (40. Nc6 $142) 40... Bb4 $19 41. a6
e5 (41... e5 {/\f5,Kf7} 42. f3 $6 Bc4 43. Na1 Bc3 44. Nc2 Bb3 45. Ne3 Bd4 46.
Kf2 Bc4 47. g3 f5 48. f4 g5 $19) 0-1

[Event "Haifa"]
[Site "Haifa"]
[Date "1995.??.??"]
[Round "2"]
[White "Gurevich, Mikhail"]
[Black "Kosashvili, Yona"]
[Result "0-1"]
[WhiteElo "2605"]
[BlackElo "2560"]
[Annotator "Dautov,R"]
[PlyCount "92"]
[EventDate "1995.01.??"]
[EventType "tourn"]
[EventRounds "11"]
[EventCountry "ISR"]
[EventCategory "14"]
[SourceTitle "CBM 046"]
[Source "ChessBase"]
[SourceDate "1995.06.01"]
[SourceVersion "1"]
[SourceVersionDate "1995.06.01"]
[SourceQuality "1"]

1. d4 Nf6 2. c4 e6 3. Nf3 b6 4. a3 Bb7 5. Nc3 d5 6. Qc2 Be7 7. cxd5 exd5 8. Bf4
a6 {N} (8... O-O 9. e3 Nbd7 (9... c5 10. Rd1 Na6 11. Bd3 Nc7 12. O-O Ne6 13.
Be5 c4 14. Bf5 g6 15. Bh3 a6 16. b3 b5 17. bxc4 bxc4 18. Qa4 Qe8 19. Qxe8 Rfxe8
20. Rb1 Bc6 21. Rb6 Rec8 22. Bxf6 Bxf6 23. Ne5 Bxe5 24. dxe5 $16 {Dreev-Timman/
Dortmund/1994}) 10. Bd3 c5 11. O-O a6 12. a4 $1 $14 g6 13. Rfd1 Rc8 14. Be2 Re8
(14... Ne4 $5 {/\} 15. dxc5 Rxc5 $132) 15. dxc5 bxc5 16. a5 $1 $16 {/\Qb3
Dreev,A-Rozentalis,E/EUCup f Lyon ;CBM 45 1994} (16. Qb3 Qb6 17. Qxb6 Nxb6 18.
Ne5 a5 $13)) 9. e3 Nbd7 10. Be2 (10. Bd3 O-O 11. O-O Re8 12. Rad1 $14 (12. Rfd1
$14)) 10... O-O 11. O-O Re8 12. Rfd1 Nf8 13. Ne5 (13. b4 $5 Nh5 14. Be5 f6 15.
Bg3 Nxg3 16. hxg3 $14) (13. Rac1 Ng6 14. Be5 $14) 13... Bd6 $1 14. Rac1 (14.
Nd3 $5 Ng6 15. Bxd6 Qxd6 16. b4 $14) 14... c5 15. Bg3 Rc8 $10 {/\cxd4,Ne4} 16.
Qf5 g6 17. Qf3 (17. Qh3 cxd4 18. exd4 Ne6 19. Qh4 Ne4 20. Qxd8 Rcxd8 21. Nxe4
dxe4 $10) 17... cxd4 18. exd4 Ne6 19. Ng4 $2 (19. Qe3 $142 Qe7 20. Bf3 (20. f4
Ng7 21. Bd3 Qe6 22. Bf2 Ng4 $15) 20... Ng7 $10 (20... Nxd4 21. Qxd4 Bxe5 22.
Bxe5 Qxe5 23. Qxb6 $14)) 19... Nxg4 20. Bxd6 (20. Qxg4 f5 21. Qh3 (21. Qh4 Qxh4
22. Bxh4 g5 $19) (21. Qf3 f4 $19) 21... Ng5 22. Qh4 Rxc3 23. Rxc3 Rxe2 $17)
20... Nxf2 $1 21. Qxf2 Qxd6 $17 22. Rf1 f5 23. h4 b5 24. Rcd1 Rc7 25. Rd3 Ng7
26. Bd1 Rce7 {<->e} 27. Qd2 (27. Bb3 $2 Nh5 $19 {/\Nf6}) 27... Qf6 28. Qf4 Ne6
29. Qf2 Qg7 30. Bb3 Nc7 31. h5 a5 $1 32. Rd2 Re3 33. hxg6 hxg6 34. Rc1 Ba8 35.
Bc2 Qh6 36. Rcd1 b4 37. axb4 axb4 38. Ne2 Bc6 39. Nf4 Bb5 40. Bd3 Bxd3 41. Rxd3
Rxd3 42. Nxd3 Re4 $19 43. Nxb4 (43. g3 Ne6 44. Nxb4 Ng5 45. Qg2 Qh5 46. Rf1
Nh3+ 47. Kh1 Rxd4 48. Nc6 Nf4+ 49. Qh2 Rd1 $19) 43... Rh4 44. Qf3 Rh1+ 45. Kf2
Qh4+ 46. Ke3 Qe7+ 0-1

[Event "Brno"]
[Site "Brno"]
[Date "1993.??.??"]
[Round "1"]
[White "Gofshtein, Leonid D"]
[Black "Schlosser, Philipp"]
[Result "1/2-1/2"]
[WhiteElo "2540"]
[BlackElo "2550"]
[Annotator "Dautov,R"]
[PlyCount "88"]
[EventDate "1993.08.??"]
[EventType "tourn"]
[EventRounds "9"]
[EventCountry "CZE"]
[EventCategory "13"]
[SourceTitle "CBM 037"]
[Source "ChessBase"]
[SourceDate "1993.12.01"]
[SourceVersion "1"]
[SourceVersionDate "1993.12.01"]
[SourceQuality "1"]

1. d4 Nf6 2. c4 e6 3. Nf3 b6 4. a3 Bb7 5. Nc3 d5 6. Qc2 dxc4 7. e4 c5 8. dxc5
Bxc5 9. Bxc4 Nbd7 10. Bf4 (10. O-O Rc8 11. Qe2 Qc7 12. Ba6 {Remis/
Chernin-Adorjan/HUN-ch/1992}) 10... a6 11. O-O Rc8 (11... Nh5 $5 12. Bg5 Qc7
$10) 12. Qe2 b5 13. Bd3 Nh5 $1 (13... O-O 14. a4 (14. e5 Nh5 $13) 14... b4 15.
Nb1 a5 16. Nbd2 Nh5 17. Bg5 Qc7 18. Nb3 $14) 14. Bg5 Qc7 15. a4 h6 16. Bd2 (16.
Be3 b4 17. Nb1 Bxe3 18. Qxe3 Nf4 19. Nbd2 Nxd3 20. Qxd3 O-O $10) 16... b4 17.
Na2 a5 18. Nc1 O-O (18... Nf4 $2 19. Bxf4 Qxf4 20. Bb5 Bxe4 21. Rd1 {/\} Bc6
22. Bxc6 Rxc6 23. Rxd7 Kxd7 24. Ne5+ Kc7 25. Nxc6 Kxc6 26. Nd3 $18) 19. Nb3 Bb6
20. Ba6 (20. Rac1 Nf4 21. Bxf4 Qxf4 22. Rxc8 Rxc8 23. Ba6 Rc7 24. Bxb7 Rxb7 25.
Rc1 Rc7 26. Rxc7 Qxc7 $10) (20. Rfc1 Nf4 21. Qf1 Qd6 22. Bxf4 Qxf4 $10) 20...
Nhf6 (20... Bxa6 21. Qxa6 Qc4 $5 22. Qxc4 Rxc4 23. e5 Rfc8 (23... g5 $142 $10)
24. Rfd1 R8c7 25. Be3 $1 Bxe3 26. fxe3 Re4 $2 (26... Ra7 27. Nxa5 $16) 27. Rxd7
$1 Rxd7 28. Nc5 $18) 21. Rac1 Qb8 22. Bxb7 Qxb7 23. e5 Ne4 (23... Nd5 $5 $10
24. Qb5 $6 Qa7 {><f2}) 24. Be3 (24. Qb5 Nxd2 25. Nfxd2 Qd5 26. Nc4 Qxb5 27.
axb5 a4 28. Nxb6 (28. Rfd1 Rfd8) 28... Nxb6 29. Nd4 $10) 24... Qd5 25. Bxb6
Nxb6 26. Nxa5 Qxa5 $10 (26... Nxf2 $6 27. Qxf2 Qxa5 28. Rxc8 Rxc8 29. Nd4 Rc7
30. Nb5 Rd7 31. b3 $16) (26... Nxa4 27. Nc4 $14) 27. Qxe4 Qxa4 28. Nd4 Nd5 29.
Ra1 Qd7 30. Rfd1 Rc4 31. Qd3 Rfc8 32. g3 Qc7 33. Re1 Qc5 34. Nb3 Qb6 35. Ra8
Rxa8 36. Qxc4 Qb8 37. Nd4 Qa7 38. h4 Qa2 39. Qc6 Qa6 40. Qxa6 Rxa6 41. h5 Ra2
42. Re2 Ra1+ 43. Kg2 Rd1 44. Nb3 Kf8 1/2-1/2

[Event "Alushta3"]
[Site "Alushta"]
[Date "1993.??.??"]
[Round "?"]
[White "Kuzmin, Gennadi P"]
[Black "Sokolov, Andrei"]
[Result "1/2-1/2"]
[WhiteElo "2500"]
[BlackElo "2525"]
[Annotator "Dautov,R"]
[PlyCount "70"]
[EventDate "1993.08.??"]
[EventType "tourn"]
[EventRounds "11"]
[EventCountry "UKR"]
[EventCategory "9"]
[SourceTitle "CBM 038"]
[Source "ChessBase"]
[SourceDate "1994.02.01"]
[SourceVersion "1"]
[SourceVersionDate "1994.02.01"]
[SourceQuality "1"]

1. d4 Nf6 2. c4 e6 3. Nf3 b6 4. Nc3 Bb7 5. a3 d5 6. cxd5 Nxd5 7. Bd2 Nd7 8. Qc2
N5f6 9. e4 (9. Bf4 a6 (9... Bd6 $5 10. Bxd6 cxd6 11. Nb5 (11. e4 Rc8 12. Bd3 d5
13. e5 Ne4 14. O-O O-O 15. Rac1 f6 $13) 11... Bxf3 12. gxf3 Ke7 $13) 10. e4 c5
(10... Be7 11. Rd1 O-O 12. Bd3 $14) 11. d5 exd5 12. exd5 Bxd5 (12... Nh5 13.
Bg5 Be7 14. Qe2 $36) 13. O-O-O Bxf3 14. gxf3 Be7 15. Nd5 O-O 16. Nxe7+ Qxe7 17.
Bd6 $16 {Sherbakov-Podlesnik/Sochi-B/1989}) 9... c5 10. d5 exd5 11. exd5 (11.
e5 Qe7 (11... Ne4 $5) 12. O-O-O Ne4 13. Nxe4 dxe4 14. Ng5 O-O-O 15. f4 exf3 16.
Bc4 Nxe5 17. Qf5+ Qd7 18. Qxe5 fxg2 19. Rhe1 Bd6 20. Qc3 Bxh2 21. Nxf7 $16 {
Rohde-Miles/USA-ch/1988}) 11... Bd6 12. O-O-O O-O 13. Bg5 $1 {N} (13. Bb5 $6 a6
14. Bxd7 Qxd7 15. Ng5 Rfe8 16. Rde1 h6 17. Nge4 Nxd5 18. Nxd5 Bxd5 19. Nxd6
Qxd6 $17 {Bonin-Henley/New York op/1990}) 13... Qb8 (13... h6 $5 14. Ne4 (14.
Bh4 Qb8) 14... Be7 $1 (14... hxg5 15. Nxd6 Bxd5 16. Nxg5 $16) 15. Nxf6+ Nxf6
16. Bxf6 Bxf6 $10) (13... Qc7 14. Nb5 Qb8 15. Nxd6 Qxd6 $13) 14. Bb5 (14. Ne4
Bf4+ (14... Be7 $6 15. Bb5 $36) 15. Kb1 Nxe4 (15... Nxd5 $2 16. Bc4 N5f6 17.
Nxf6+ Nxf6 18. Bxf6 gxf6 19. Qf5 $40 {/\Bd3}) 16. Qxe4 Bxg5 17. Nxg5 Nf6 18.
Qf5 h6 19. h4 Rd8 20. Bc4 b5 21. Bxb5 Bxd5 $132) 14... a6 15. Bxd7 Nxd7 16.
Rhe1 Re8 $1 (16... Qc7 17. Be7 Rfe8 18. Ng5 Bf4+ 19. Kb1 Bxg5 20. Bxg5 Rxe1 21.
Rxe1 $14 Qxh2 $2 22. Re7 Qd6 23. Qf5 $18) 17. Rxe8+ (17. Ne4 b5 18. Bh4 $13)
17... Qxe8 18. Ne4 Bf8 19. Bf4 (19. Re1 Qb8 20. Qd2 {>=}) 19... f6 20. Nd6 (20.
Bd6 $2 f5 21. Bxf8 fxe4 $19) 20... Bxd6 21. Bxd6 Qf7 22. Qd2 b5 $10 (22... Re8
$1 {>=} 23. Bg3 (23. Ne1 Bxd5 $17) 23... b5 $17 24. d6 Qa2 $40) 23. Ne1 $1 Nb6
(23... c4 24. Bb4 $13) 24. Bxc5 Rc8 25. b4 Nxd5 (25... Bxd5 $2 26. Nc2 Be4 27.
Qd8+ $18) 26. Nc2 h6 27. f3 Re8 28. Re1 Rxe1+ 29. Nxe1 Qc7 30. Qe2 $1 (30. g3
Nb6 $15) 30... Qxh2 31. Qe6+ Kh7 32. Qe4+ Kh8 (32... g6 33. Qe6 Qc7 34. Nd3 Kg7
35. Kb2 Qf7 36. Qd6 Nc7 37. Bd4 Ne6 38. Bc3 g5 39. Nc5 $10) 33. Qe8+ Kh7 34.
Qe4+ Kh8 35. Qe8+ Kh7 1/2-1/2

[Event "Olympiad-32"]
[Site "Yerevan"]
[Date "1996.10.01"]
[Round "14.1"]
[White "Akopian, Vladimir Eduardovic"]
[Black "Ivanchuk, Vassily"]
[Result "1/2-1/2"]
[WhiteElo "2630"]
[BlackElo "2730"]
[Annotator "Dautov,R"]
[PlyCount "60"]
[EventDate "1996.09.15"]
[EventType "team-swiss"]
[EventRounds "14"]
[EventCountry "ARM"]
[SourceTitle "CBM 055"]
[Source "ChessBase"]
[SourceDate "1996.12.01"]
[SourceVersion "1"]
[SourceVersionDate "1996.12.01"]
[SourceQuality "1"]
[WhiteTeam "Armenia"]
[BlackTeam "Ukraine"]
[WhiteTeamCountry "ARM"]
[BlackTeamCountry "UKR"]

1. d4 Nf6 2. Nf3 e6 3. c4 b6 4. a3 Bb7 5. Nc3 d5 6. Qc2 Be7 7. cxd5 Nxd5 8. Bd2
O-O 9. e4 Nxc3 10. Bxc3 Nd7 11. Rd1 (11. O-O-O) 11... Rc8 $5 {N} (11... Qc8 12.
Bd3 Rd8 13. O-O $14) (11... Qe8 12. Bd3 c5 13. d5 exd5 14. exd5 $14) (11... c5
12. dxc5 Qc7 (12... Qc8 13. cxb6 axb6 14. Bb5 Nc5 15. Rd4 $14 {Dreev-Epishin/
Brno/1994}) 13. cxb6 axb6 14. Bb5 Nc5 15. Be5 Qc8 16. O-O Bxe4 17. Qc3 f6 18.
Bg3 Bd5 19. Rfe1 $14 {Timoshchenko-Langeweg/Benasque op/1996}) 12. Bc4 (12. Bd3
c5 13. d5 c4 14. Be2 exd5 15. exd5 b5 $5 (15... Qc7 $2 16. d6 Bxd6 17. Qd2 $16)
(15... Nf6 $6 16. Ng5 g6 17. h4 Nxd5 18. Nxh7 $1 Kxh7 19. h5 Bf6 (19... f5 20.
hxg6+ Kxg6 21. Bh5+ Kg5 22. Qd2+ f4 23. Qe2 Qd7 24. Qe5+ $18) 20. hxg6+ Kg8 21.
g7 Bxc3+ 22. bxc3 Kxg7 23. Qh7+ Kf6 24. Rh6+ Ke7 25. Qe4+ Kd7 26. Bg4+ $18) 16.
d6 (16. O-O Nc5 $132) 16... Bf6 17. O-O Re8 $13) 12... Nf6 13. Bd3 c5 14. dxc5
(14. e5 Nd5 15. Bxh7+ Kh8 16. Be4 Nxc3 17. bxc3 Bxe4 18. Qxe4 cxd4 19. cxd4
Bxa3 20. O-O a5 $13) 14... Rxc5 15. O-O Qa8 16. Rfe1 (16. e5 Nd5 17. Bxh7+ Kh8
18. Be4 Nxc3 19. Bxb7 Qxb7 20. bxc3 Rfc8 $44) 16... Rd8 (16... h6 $5) 17. e5
Nd5 18. Bxh7+ Kf8 19. Be4 {/\Bd5,Qh7} g6 $44 20. Qd2 Nxc3 21. Qh6+ Kg8 (21...
Ke8 $4 22. Qh8+ Bf8 23. Bxb7 $18) 22. Bxg6 (22. Rxd8+ Bxd8 23. Bxg6 (23. Bxb7
Qxb7 24. bxc3 Rxc3 25. Rd1 Be7 (25... Rc8 26. h4 $40) 26. Ng5 (26. h4 Rxf3 27.
gxf3 Qxf3 28. Rd7 Qg4+ 29. Kh2 Qf5 $10) 26... Bxg5 27. Qxg5 Qe4 28. Qd8+ (28.
Rd8+ $2 Kh7) (28. h4 Qf5 $10) 28... Kh7 29. Qe7 Qf4 30. Qxa7 Rc1 31. Qd7 Rxd1+
32. Qxd1 Qxe5 $10) 23... fxg6 24. Qxg6+ Kf8 25. Nd4 Ne2+ $1 26. Nxe2 Rxe5 27.
Qh6+ Kg8 28. Qg6+ Kf8 $10) 22... Ne2+ (22... fxg6 23. Qxg6+ Kf8 24. Qh6+ Kf7
25. Rd4 Bxf3 26. Qh7+ Kf8 27. Qh6+ Kf7 $10) 23. Kf1 fxg6 24. Qxg6+ Kf8 $10 25.
Qh6+ Kf7 26. Qh7+ Kf8 27. Qh8+ Kf7 28. Ng5+ Bxg5 29. Qh5+ Kf8 30. Qh8+ Kf7
1/2-1/2